El eterno femenino
Guardat en:
| Autor principal: | |
|---|---|
| Format: | Llibre |
| Idioma: | espanyol |
| Publicat: |
Salamanca
Sígueme
1969
|
| Col·lecció: | Colección Hinnení, 91
|
| Matèries: | |
| Etiquetes: |
Afegir etiqueta
Sense etiquetes, Sigues el primer a etiquetar aquest registre!
|
MARC
| LEADER | 00000nam a2200000 a 4500 | ||
|---|---|---|---|
| 001 | UCL5345 | ||
| 003 | CL-VaPUC | ||
| 008 | 040312e19690000SP |||||||||||||||||spa|d | ||
| 082 | 0 | 4 | |a 200.82 |b LUB |2 21 |
| 100 | |a Lubac, Henri de, |d 1896-1991 |e autor |9 593067 | ||
| 245 | 1 | 3 | |a El eterno femenino |
| 300 | |a 287 p | ||
| 942 | |c BK | ||
| 945 | |d 20040312 00:00:00 |a vberengu | ||
| 260 | |a Salamanca |b Sígueme |c 1969 | ||
| 600 | 0 | |a Teilhard de Chardin, Pierre |f 1881-1955 |9 482881 | |
| 650 | 0 | |a Mujeres y religión |9 319387 | |
| 650 | 0 | |a Mujeres |9 257649 | |
| 583 | |a last modification |c 20040312 00:00:00 |k Rodrigo Vera | ||
| 490 | 0 | |a Colección Hinnení, 91 | |
| 999 | |c 307954 |d 307952 | ||
| 952 | |0 0 |1 2 |4 0 |6 200_820000000000000_LUB_1969 |7 0 |8 A |9 374144 |a BIBTEO |b BIBTEO |d 2019-11-21 |i 2104911 |o 200.82 LUB 1969 |p 2104911 |r 2019-11-21 |w 2019-11-21 |x Descarte 2019 |y BK |k ICR | ||